00553nam a2200145Ia 4500008004100000024004100041082001600082100004400098245005700142260002500199600002100224650003800245952010700283999001700390250506s9999 xx 000 0 und d a10B-76-BS, 10B-93-BS & 10B-91-BS a005.072 SAR aSarah Yaseen, Hammad Jawed & Ammad Aziz 0aToolkit for Crop Disease RIPA Based on Expert System aKarachi:bUIT,c2010 aComputer Science aBachelor of Computer Science (BS) 001040708PR-CSaUITUbUITUd2022-07-26l0o005.072 SARpBS-353r2025-05-06 11:34:04w2025-05-06yPR c27552d27552